[Event "BAN-chT Premier"]
[Site "Dhaka"]
[Date "2021.03.27"]
[Round "9.4"]
[White "Mohammad, Minhaz Uddin"]
[Black "Hasan Md, Emam"]
[Result "1-0"]
[WhiteElo "2295"]
[BlackElo "2058"]
[PlyCount "65"]
[EventDate "2021.03.19"]
[EventType "team-tourn"]
[EventRounds "11"]
[EventCountry "BAN"]
[SourceTitle "CBM 201 Extra"]
[Source "ChessBase"]
[SourceDate "2021.05.31"]
[SourceVersion "1"]
[SourceVersionDate "2021.05.31"]
[SourceQuality "1"]
[WhiteTeam "Bangladesh Navy"]
[BlackTeam "Janata Bank Officer Welfare"]
[WhiteTeamCountry "BAN"]
[BlackTeamCountry "BAN"]

1. e4 c5 2. Nf3 e6 3. d4 cxd4 4. Nxd4 Nf6 5. Nc3 Nc6 6. Ndb5 d6 7. Bf4 e5 8. Bg5 a6 9. Na3 b5 10. Nd5 Be6 11. c3 Be7 12. Bxf6 gxf6 13. Ne3 h5 14. h4 Qd7 15. Nac2 f5 16. exf5 Bxf5 17. Nxf5 Qxf5 18. Qd5 Rc8 19. Ne3 Qe6 20. a4 Nd8 21. axb5 axb5 22. Qxb5+ Kf8 23. Bc4 Qg6 24. Qd7 Rxc4 25. Nxc4 Qxg2 26. 0-0-0 Rh6 27. Ne3 Qa8 28. Nf5 Re6 29. Nxe7 Rxe7 30. Qxd6 Qa1+ 31. Kc2 Qa4+ 32. Kb1 Nc6 33. Qh6+ 1-0

[Event "BAN-chT Premier"]
[Site "Dhaka"]
[Date "2021.03.25"]
[Round "7.3"]
[White "Gukesh, Dommaraju"]
[Black "Hasan Md, Emam"]
[Result "1-0"]
[WhiteElo "2563"]
[BlackElo "2058"]
[PlyCount "63"]
[EventDate "2021.03.19"]
[EventType "team-tourn"]
[EventRounds "11"]
[EventCountry "BAN"]
[SourceTitle "CBM 201 Extra"]
[Source "ChessBase"]
[SourceDate "2021.05.31"]
[SourceVersion "1"]
[SourceVersionDate "2021.05.31"]
[SourceQuality "1"]
[WhiteTeam "Bangladesh Biman"]
[BlackTeam "Janata Bank Officer Welfare"]
[WhiteTeamCountry "BAN"]
[BlackTeamCountry "BAN"]

1. e4 Nf6 2. Nc3 d5 3. exd5 Nxd5 4. Nf3 g6 5. d4 Nxc3 6. bxc3 Bg7 7. Bc4 0-0 8. Ba3 c6 9. 0-0 Re8 10. Ng5 e6 11. Ne4 Qc7 12. Qf3 Rd8 13. Bc1 h6 14. Nf6+ Kh8 15. Ng4 h5 16. Ne5 Kg8 17. Bf4 Qe7 18. Rfe1 Nd7 19. Nxf7 Nb6 20. Nxd8 Nxc4 21. Qe2 Qxd8 22. Qxc4 Qd5 23. Qd3 Kh7 24. Be5 Bh6 25. c4 Qd7 26. g4 hxg4 27. Re4 Qf7 28. Rxg4 Qf5 29. Qh3 g5 30. f4 Kg6 31. fxg5 Bg7 32. Rf1 1-0

[Event "BAN-chT"]
[Site "Dhaka"]
[Date "2018.12.07"]
[Round "2.3"]
[White "S, M Sharon"]
[Black "Hasan Md, Emam"]
[Result "0-1"]
[WhiteElo "2123"]
[BlackElo "2076"]
[PlyCount "130"]
[EventDate "2018.12.06"]
[EventType "team-tourn"]
[EventRounds "11"]
[EventCountry "BAN"]
[SourceTitle "CBM 187 Extra"]
[Source "ChessBase"]
[SourceDate "2018.11.04"]
[SourceVersion "1"]
[SourceVersionDate "2018.11.04"]
[SourceQuality "1"]
[WhiteTeam "Bangladesh Navy"]
[BlackTeam "Fire Service & Civil Defense"]
[WhiteTeamCountry "BAN"]
[BlackTeamCountry "BAN"]

1. e4 e5 2. Nf3 d6 3. Bc4 c6 4. d4 Nd7 5. dxe5 dxe5 6. Ng5 Nh6 7. 0-0 Qe7 8. Kh1 Nb6 9. Bb3 f6 10. Nf3 Nf7 11. Be3 Bg4 12. Nbd2 0-0-0 13. Bxf7 Bxf3 14. Qxf3 Qxf7 15. Qe2 g5 16. Rfd1 Be7 17. a4 Kc7 18. a5 Nc8 19. Rdb1 Qf8 20. Nc4 Bc5 21. c3 Bxe3 22. Qxe3 Qf7 23. Qc5 Qe7 24. Qxe7+ Nxe7 25. Rd1 Nc8 26. g3 Nd6 27. Nxd6 Rxd6 28. Rxd6 Kxd6 29. Rd1+ Ke6 30. Kg2 g4 31. h3 h5 32. h4 b6 33. axb6 axb6 34. Ra1 Kd6 35. Ra7 Kc5 36. Rf7 Rh6 37. Rc7 Kb5 38. Kf1 c5 39. Ke2 f5 40. exf5 Rf6 41. Rg7 Rxf5 42. Rg5 Rf6 43. Rxe5 Kc4 44. b4 cxb4 45. cxb4 Kxb4 46. Rxh5 Kc4 47. Rg5 b5 48. Rxg4+ Kc3 49. Rg8 b4 50. Rb8 b3 51. f4 b2 52. Ke3 Re6+ 53. Kf2 Re8 54. Rb7 Re7 55. Rb6 Re6 56. Rb5 Re4 57. Rxb2 Kxb2 58. Kf3 Re8 59. h5 Kc3 60. g4 Kd4 61. g5 Re3+ 62. Kg4 Ke4 63. f5 Re1 64. f6 Rg1+ 65. Kh4 Ke5 0-1

[Event "BAN-chB 42nd"]
[Site "Dhaka"]
[Date "2016.10.26"]
[Round "7"]
[White "Mohammed Abdul, Malek"]
[Black "Hasan Md, Emam"]
[Result "1-0"]
[WhiteElo "2179"]
[BlackElo "2117"]
[PlyCount "117"]
[EventDate "2016.10.20"]
[EventType "swiss"]
[EventRounds "11"]
[EventCountry "BAN"]
[SourceTitle "CBM 175 Extra"]
[Source "ChessBase"]
[SourceDate "2016.12.12"]
[SourceVersion "1"]
[SourceVersionDate "2016.12.12"]
[SourceQuality "1"]

1. e4 c5 2. Nf3 g6 3. d4 cxd4 4. Qxd4 Nf6 5. Nc3 Nc6 6. Qd1 Bg7 7. Be3 0-0 8. h3 a6 9. g3 b5 10. a3 Bb7 11. Bg2 Na5 12. e5 Ne4 13. Nxe4 Bxe4 14. 0-0 Rc8 15. c3 Qc7 16. Bf4 Bxf3 17. Bxf3 Bxe5 18. Bxe5 Qxe5 19. Qxd7 Rfd8 20. Qa7 Qf6 21. Bg2 Rd2 22. b4 Nb3 23. Rae1 e6 24. Qxa6 Rxc3 25. Qxb5 Rcc2 26. Qb8+ Kg7 27. Qe5 Qxe5 28. Rxe5 Nd4 29. a4 Ra2 30. b5 Rxa4 31. b6 Rb4 32. b7 Nf5 33. Rc5 Nd6 34. Rc7 Rbb2 35. Rd7 Rb6 36. Rd8 Rdb2 37. b8Q Rxb8 38. Rxd6 Ra2 39. h4 Rbb2 40. Rd3 h6 41. Rf3 f5 42. Re3 Kf6 43. Rfe1 Ra6 44. Bf1 Rc6 45. Bd3 Rd2 46. Bb5 Rb6 47. Ba4 Rd4 48. Be8 Rd5 49. Ba4 Rd4 50. Bc2 Rc6 51. Bb3 Rb6 52. Rxe6+ Rxe6 53. Rxe6+ Kg7 54. Re7+ Kh8 55. Rb7 f4 56. Kg2 g5 57. hxg5 hxg5 58. g4 Rd3 59. Rh7+ 1-0

[Event "BAN-chT"]
[Site "Dhaka"]
[Date "2013.11.05"]
[Round "4"]
[White "Md Jamal, Uddin"]
[Black "Hasan Md, Emam"]
[Result "0-1"]
[WhiteElo "2085"]
[BlackElo "2171"]
[PlyCount "86"]
[EventDate "2013.11.02"]
[EventType "team-tourn"]
[EventRounds "9"]
[EventCountry "BAN"]
[SourceTitle "CBM 157 Extra"]
[Source "ChessBase"]
[SourceDate "2013.12.19"]
[SourceVersion "1"]
[SourceVersionDate "2013.12.19"]
[SourceQuality "1"]

1. d4 Nf6 2. c4 g6 3. Nc3 Bg7 4. e4 d6 5. Bg5 h6 6. Be3 0-0 7. f3 e5 8. Nge2 Nc6 9. d5 Ne7 10. Qd2 Kh7 11. g3 Nfg8 12. Bg2 f5 13. 0-0 Nf6 14. Kh1 g5 15. f4 gxf4 16. gxf4 Ng4 17. h3 Nxe3 18. Qxe3 Ng6 19. fxe5 f4 20. Qf3 Bxe5 21. Qh5 Qh4 22. Qf3 Qg5 23. Rg1 Nh4 24. Qf2 f3 25. Bf1 Qf6 26. Ng3 Bd4 27. Qc2 Qe5 28. Nf5 Bxg1 29. Kxg1 Nxf5 30. exf5 Qg3+ 31. Kh1 Bxf5 32. Qh2 Rg8 33. Nd1 Qe1 34. Qf2 Rae8 35. Kh2 Qe5+ 36. Kh1 Rg3 37. Ne3 Bxh3 38. Bd3+ Kh8 39. Nf1 Bg2+ 40. Kg1 Rh3 41. Qd2 Qd4+ 42. Ne3 Rxe3 43. Qc3 Re1# 0-1

[Event "United Insurance 11th"]
[Site "Dhaka"]
[Date "2009.08.27"]
[Round "8"]
[White "Rahman, Syed Mahfuzur"]
[Black "Hasan Md, Emam"]
[Result "1-0"]
[WhiteElo "2256"]
[BlackElo "2130"]
[PlyCount "73"]
[EventDate "2009.08.21"]
[EventType "swiss"]
[EventRounds "10"]
[EventCountry "BAN"]
[SourceTitle "CBM 131 Extra"]
[Source "ChessBase"]
[SourceDate "2009.09.03"]
[SourceVersion "2"]
[SourceVersionDate "2009.09.16"]
[SourceQuality "1"]

1. e4 Nf6 2. Nc3 d5 3. e5 d4 4. exf6 dxc3 5. fxg7 cxd2+ 6. Qxd2 Qxd2+ 7. Bxd2 Bxg7 8. 0-0-0 Be6 9. Ne2 c6 10. Nf4 Bf5 11. Nh5 0-0 12. Nxg7 Kxg7 13. Re1 Re8 14. g4 Bg6 15. h4 h6 16. h5 Bh7 17. g5 hxg5 18. Rg1 Nd7 19. Bxg5 f6 20. Bh3 Nb6 21. Bf4+ Kh8 22. Bh6 Rg8 23. Rxg8+ Rxg8 24. Rxe7 Nc4 25. Re1 Ne5 26. b3 Nf7 27. Bd2 Ng5 28. Bg2 Bf5 29. Bc3 Nh7 30. Bf3 Bg4 31. Bxg4 Rxg4 32. h6 Rg8 33. Re7 Rb8 34. a4 a6 35. a5 Kg8 36. Rg7+ Kh8 37. Bd4 1-0

[Event "United Insurance 11th"]
[Site "Dhaka"]
[Date "2009.08.26"]
[Round "7"]
[White "Hasan Md, Emam"]
[Black "Praveen Kumar, Chandrasekar"]
[Result "0-1"]
[WhiteElo "2130"]
[BlackElo "2363"]
[PlyCount "68"]
[EventDate "2009.08.21"]
[EventType "swiss"]
[EventRounds "10"]
[EventCountry "BAN"]
[SourceTitle "CBM 131 Extra"]
[Source "ChessBase"]
[SourceDate "2009.09.03"]
[SourceVersion "2"]
[SourceVersionDate "2009.09.16"]
[SourceQuality "1"]

1. e4 e6 2. d3 d5 3. Nd2 Nf6 4. Ngf3 Bc5 5. e5 Nfd7 6. d4 Be7 7. Bd3 c5 8. c3 Nc6 9. 0-0 a5 10. a3 cxd4 11. cxd4 Qb6 12. Qe2 Nxd4 13. Nxd4 Qxd4 14. Nf3 Qa7 15. Bg5 Bxg5 16. Nxg5 h6 17. Nxe6 fxe6 18. Qg4 Qc5 19. Qxe6+ Kd8 20. Rac1 Qe7 21. Qxd5 Qxe5 22. Qc4 Re8 23. Bg6 Re6 24. f4 Qc5+ 25. Qxc5 Nxc5 26. Rxc5 Rxg6 27. Rd1+ Ke8 28. f5 Rc6 29. Rcd5 Rc7 30. Rd8+ Kf7 31. Rh8 Ra6 32. g4 Bd7 33. Rd8 Be8 34. h4 Rac6 0-1

[Event "United Insurance 11th"]
[Site "Dhaka"]
[Date "2009.08.21"]
[Round "1"]
[White "Abu Sufian, Sakil"]
[Black "Hasan Md, Emam"]
[Result "0-1"]
[WhiteElo "2372"]
[BlackElo "2130"]
[PlyCount "88"]
[EventDate "2009.08.21"]
[EventType "swiss"]
[EventRounds "10"]
[EventCountry "BAN"]
[SourceTitle "CBM 131 Extra"]
[Source "ChessBase"]
[SourceDate "2009.09.03"]
[SourceVersion "2"]
[SourceVersionDate "2009.09.16"]
[SourceQuality "1"]

1. e4 Nf6 2. e5 Nd5 3. d4 d6 4. c4 Nb6 5. Nf3 g6 6. Be2 Bg7 7. exd6 cxd6 8. Nc3 0-0 9. 0-0 Bg4 10. Be3 Nc6 11. b3 e5 12. dxe5 dxe5 13. Rc1 Nd4 14. Nxd4 exd4 15. Bxd4 Bxd4 16. Bxg4 Qf6 17. Qf3 Qg7 18. Nb5 Bb2 19. Rc2 f5 20. Bh3 Be5 21. g3 f4 22. g4 a6 23. Nc3 Nd7 24. Bg2 Rae8 25. Rd1 Nb8 26. Ne2 Nc6 27. Rcd2 Re7 28. Qd5+ Kh8 29. Bf3 Qh6 30. Kg2 Qh4 31. Qc5 Bb8 32. Ng1 Ba7 33. Qa3 h5 34. h3 Ne5 35. Qb2 hxg4 36. hxg4 Kh7 37. Re2 Be3 38. fxe3 Qg3+ 39. Kf1 Nxf3 40. Rg2 Rd8 41. Rc1 Nd2+ 42. Rxd2 Rxd2 43. Qxd2 fxe3 44. Qd5 Qf2# 0-1

[Event "BAN-ch 35th"]
[Site "Dhaka"]
[Date "2009.07.02"]
[Round "4"]
[White "Hasan Md, Emam"]
[Black "Reefat, Bin Sattar"]
[Result "1/2-1/2"]
[WhiteElo "2135"]
[BlackElo "2486"]
[PlyCount "68"]
[EventDate "2009.06.29"]
[EventType "tourn"]
[EventRounds "13"]
[EventCountry "BAN"]
[EventCategory "2"]
[SourceTitle "CBM 131 Extra"]
[Source "ChessBase"]
[SourceDate "2009.09.03"]
[SourceVersion "2"]
[SourceVersionDate "2009.09.16"]
[SourceQuality "1"]

1. e4 e6 2. d4 d5 3. e5 c5 4. c3 Nc6 5. Nf3 Bd7 6. Be2 Nge7 7. Na3 cxd4 8. cxd4 Nf5 9. Nc2 Qb6 10. 0-0 a5 11. g4 Nfe7 12. Nh4 Nb4 13. Nxb4 axb4 14. Be3 Bb5 15. a4 Bxe2 16. Qxe2 Nc6 17. Qb5 Qxb5 18. axb5 Na5 19. Rfc1 Be7 20. Nf3 Kd7 21. Nd2 b6 22. f4 Rhc8 23. f5 b3 24. Rf1 Nc4 25. Nxc4 dxc4 26. Bd2 Ra2 27. Bc3 Ke8 28. Rab1 Rd8 29. Kf2 Rd5 30. Ra1 Rxb5 31. Rxa2 bxa2 32. Ra1 Rd5 33. Rxa2 Rd8 34. Ra6 exf5 1/2-1/2

[Event "United Insurance 10th"]
[Site "Dhaka"]
[Date "2008.08.05"]
[Round "9"]
[White "Haque, Rezaul"]
[Black "Hasan Md, Emam"]
[Result "1-0"]
[WhiteElo "2179"]
[BlackElo "2161"]
[PlyCount "117"]
[EventDate "2008.07.30"]
[EventType "swiss"]
[EventRounds "10"]
[EventCountry "BAN"]
[SourceTitle "CBM 125 Extra"]
[Source "ChessBase"]
[SourceDate "2008.09.01"]
[SourceVersion "1"]
[SourceVersionDate "2008.09.01"]
[SourceQuality "1"]

1. Nf3 d5 2. d3 c6 3. c3 Bf5 4. Nbd2 Nf6 5. Nh4 Bg6 6. Nxg6 hxg6 7. e4 dxe4 8. dxe4 e5 9. Be2 Bc5 10. b4 Bb6 11. 0-0 Nbd7 12. Qc2 Nf8 13. Nc4 Bc7 14. Rd1 Qe7 15. b5 c5 16. Ne3 Ne6 17. Nd5 Nxd5 18. exd5 Nf4 19. Bxf4 exf4 20. Bf3 0-0-0 21. h3 Bd6 22. Re1 Qg5 23. Kf1 Kb8 24. Re4 Rde8 25. Rae1 Rxe4 26. Rxe4 Qd8 27. Qa4 b6 28. Rxf4 f5 29. Rc4 Qg5 30. Qd1 Re8 31. Ra4 Qf6 32. Qd2 Qe5 33. Qe2 Qxe2+ 34. Bxe2 Be5 35. Ra3 Bf4 36. c4 Re4 37. Bd3 Re7 38. Rb3 Kc7 39. Rb1 Kd6 40. Rd1 Be5 41. g4 fxg4 42. hxg4 Rf7 43. Kg2 Rf4 44. f3 Rd4 45. Kf2 Bf4 46. Ke2 g5 47. Rh1 Be5 48. Rh8 Rf4 49. Rd8+ Kc7 50. Ra8 Kb7 51. Re8 Bd6 52. Be4 Rf7 53. Kd3 Kc7 54. Bf5 Bf8 55. Re2 Kd8 56. Re1 Bd6 57. Rh1 Rf8 58. Rh7 Be5 59. d6 1-0

[Event "United Insurance 10th"]
[Site "Dhaka"]
[Date "2008.08.04"]
[Round "8"]
[White "Mohammed Abdul, Malek"]
[Black "Hasan Md, Emam"]
[Result "0-1"]
[WhiteElo "2289"]
[BlackElo "2161"]
[PlyCount "120"]
[EventDate "2008.07.30"]
[EventType "swiss"]
[EventRounds "10"]
[EventCountry "BAN"]
[SourceTitle "CBM 125 Extra"]
[Source "ChessBase"]
[SourceDate "2008.09.01"]
[SourceVersion "1"]
[SourceVersionDate "2008.09.01"]
[SourceQuality "1"]

1. e4 e5 2. Nf3 d6 3. d4 Nd7 4. Bc4 c6 5. dxe5 dxe5 6. Ng5 Nh6 7. Qf3 Qf6 8. Qg3 Nc5 9. Nc3 Be6 10. Bxe6 Nxe6 11. Nf3 Nd4 12. Bg5 Nxf3+ 13. gxf3 Qe6 14. Bxh6 gxh6 15. 0-0-0 Bd6 16. Qh4 Be7 17. Qg3 Bd6 18. Qh4 Be7 19. Qg3 Bg5+ 20. Kb1 Ke7 21. h4 Bf4 22. Qg4 Rhg8 23. Qxe6+ Kxe6 24. Ne2 Rg2 25. Nxf4+ exf4 26. Rdf1 Rd8 27. Kc1 f5 28. Rhg1 Rdg8 29. Rxg2 Rxg2 30. Kd2 fxe4 31. fxe4 Ke5 32. Kd3 Rh2 33. f3 Rxh4 34. Rf2 Rh1 35. a4 h5 36. Rg2 h4 37. Rg5+ Ke6 38. Rh5 h3 39. Rxh7 h2 40. Kc3 c5 41. Kc4 b6 42. a5 Rf1 43. Rxh2 Rxf3 44. axb6 axb6 45. Rh6+ Ke5 46. Rxb6 Re3 47. Kxc5 f3 48. Rb8 Rxe4 49. Re8+ Kf4 50. Rf8+ Ke3 51. c4 Rf4 52. Re8+ Kd3 53. Rd8+ Kc2 54. Rh8 f2 55. Rh2 Kb3 56. Rh3+ Kxb2 57. Rh2 Kc3 58. Rh3+ Kd2 59. Rh2 Kd3 60. Rh3+ Ke4 0-1

[Event "United Insurance 10th"]
[Site "Dhaka"]
[Date "2008.08.03"]
[Round "7"]
[White "Hasan Md, Emam"]
[Black "Chowdhury, Sohel"]
[Result "1-0"]
[WhiteElo "2161"]
[BlackElo "2177"]
[PlyCount "107"]
[EventDate "2008.07.30"]
[EventType "swiss"]
[EventRounds "10"]
[EventCountry "BAN"]
[SourceTitle "CBM 125 Extra"]
[Source "ChessBase"]
[SourceDate "2008.09.01"]
[SourceVersion "1"]
[SourceVersionDate "2008.09.01"]
[SourceQuality "1"]

1. e4 e5 2. Nf3 Nc6 3. Bb5 a6 4. Ba4 Nf6 5. 0-0 Be7 6. Re1 b5 7. Bb3 d6 8. c3 0-0 9. h3 Na5 10. Bc2 c6 11. d4 Qc7 12. Nbd2 Be6 13. b3 c5 14. d5 Bd7 15. Nh2 c4 16. b4 Nb7 17. Ndf1 a5 18. Bg5 axb4 19. cxb4 Ra6 20. Bc1 Rfa8 21. a3 Bf8 22. Ng4 Nxg4 23. hxg4 g6 24. g3 Bg7 25. Rb1 f6 26. Kg2 Nd8 27. Ne3 Nf7 28. Qe2 Rc8 29. Rh1 Ra7 30. Bb2 Rca8 31. Rh4 Qc8 32. Rbh1 h6 33. Bc1 Kh7 34. Bb2 Rxa3 35. Bxa3 Rxa3 36. Rb1 Ra2 37. Rhh1 Qa8 38. Qd1 Qc8 39. Ra1 Rb2 40. Rb1 Ra2 41. Qd2 Qa8 42. Qe1 Qc8 43. Ra1 Rb2 44. Qc3 Rxc2 45. Qxc2 Bxg4 46. f3 Bd7 47. Ra7 Ng5 48. Rha1 Bh3+ 49. Kf2 Qe8 50. R1a6 f5 51. exf5 e4 52. f4 gxf5 53. fxg5 Qg6 54. Qc3 1-0

[Event "BAN-ch 32nd"]
[Site "Dhaka"]
[Date "2006.03.20"]
[Round "10"]
[White "Hossain, Enayet Mohammed"]
[Black "Hasan Md, Emam"]
[Result "1-0"]
[WhiteElo "2110"]
[BlackElo "2147"]
[PlyCount "79"]
[EventDate "2006.03.10"]
[EventType "tourn"]
[EventRounds "13"]
[EventCountry "BAN"]
[EventCategory "3"]
[SourceTitle "CBM 111 Extra"]
[Source "ChessBase"]
[SourceDate "2006.05.09"]
[SourceVersion "1"]
[SourceVersionDate "2006.05.09"]
[SourceQuality "1"]

1. d4 d6 2. Bf4 g6 3. Nf3 Nf6 4. Nbd2 Bg7 5. e4 0-0 6. Bc4 d5 7. exd5 Nxd5 8. Be5 Bxe5 9. dxe5 Nf4 10. g3 Nh5 11. Qe2 Nc6 12. 0-0-0 Bg4 13. h3 Bc8 14. Qe3 Ng7 15. g4 Be6 16. Qh6 f6 17. Ne4 Bxc4 18. Rxd8 Raxd8 19. h4 Nd4 20. exf6 exf6 21. Nxd4 Rxd4 22. Qe3 c5 23. Nxc5 Rxg4 24. Nd7 Rf7 25. f3 Rg2 26. Qe4 Nf5 27. Qxc4 Ne3 28. Nxf6+ Kf8 29. Qc5+ Re7 30. Nxh7+ Ke8 31. Qc8+ Kf7 32. Ng5+ Kg7 33. Ne6+ Kf7 34. Nd4 Rf2 35. h5 gxh5 36. Rg1 Rf1+ 37. Rxf1 Nxf1 38. Qf5+ Ke8 39. Qxh5+ Kd8 40. Qd5+ 1-0